عرض عادي عرض مارك
  • التوجيه التربوي

دخول Topical Term

عدد التسجيلات المستخدمة: 1

001 - CONTROL NUMBER

  • control field: 27819

003 - CONTROL NUMBER IDENTIFIER

  • control field: AE-AdECS

005 - DATE AND TIME OF LATEST TRANSACTION

  • control field: 20260326110422.0

008 - FIXED-LENGTH DATA ELEMENTS

  • fixed length control field: 260326|| aca||aabn | a|a d

040 ## - CATALOGING SOURCE

  • Original cataloging agency: AE-AdECS
  • Transcribing agency: AE-AdECS

150 ## - HEADING--TOPICAL TERM

  • Topical term or geographic name entry element: التوجيه التربوي
  • General subdivision: رضا المرشدين

670 ## - SOURCE DATA FOUND

  • Source citation: Work cat.: (AE-AdECS)294554: المطيري، لينة لافي عايز مؤلف. 27818, مقياس الرضا الوظيفي للمرشدة الطلابية /

أبوظبي، الإمارات العربية المتحدة

reference@ecssr.ae

97124044780 +

حقوق النشر © 2026 مركز الإمارات للدراسات والبحوث الاستراتيجية جميع الحقوق محفوظة